El laicado obrero: su misión apostólica

সংরক্ষণ করুন:
গ্রন্থ-পঞ্জীর বিবরন
প্রধান লেখক: Guerry, Emile Maurice (Author)
বিন্যাস: গ্রন্থ
ভাষা:স্প্যানিশ
প্রকাশিত: Barcelona Nova Terra 1964
মালা:Presencia
বিষয়গুলি:
ট্যাগগুলো: ট্যাগ যুক্ত করুন
কোনো ট্যাগ নেই, প্রথমজন হিসাবে ট্যাগ করুন!

MARC

LEADER 00000nam a2200000 a 4500
001 UCR1828
003 CL-VaPUC
008 971219e19640000SP |||||||||||||||||spa|d
082 0 4 |a 262.15  |b GUE  |2 21 
100 |a Guerry, Emile Maurice  |e author  |9 480254 
245 1 3 |a El laicado obrero: su misión apostólica 
300 |a 121 p 
942 |c BK 
945 |d 19971219 00:00:00  |a jquezada 
260 |a Barcelona  |b Nova Terra  |c 1964 
650 0 |a Eclesiología   |9 366152 
650 0 |a Apostolado  |9 398055 
650 0 |a Laicismo  |9 313856 
650 7 |a OBREROS  |2 CL-VaPUC  |9 358117 
650 0 |a Problemas sociales  |9 258537 
650 7 |a DOCTRINAS RELIGIOSAS  |2 CL-VaPUC  |9 337177 
650 0 |a Trabajo  |9 313876 
650 7 |a EVANGELIO  |2 CL-VaPUC  |9 368586 
583 |a last modification  |c 19971219 00:00:00  |k Rodrigo Vera 
490 0 |a Presencia 
999 |c 265189  |d 265187 
952 |0 0  |1 0  |4 0  |6 262_150000000000000_GUE_1964  |7 0  |8 A  |9 296019  |a BIBTEO  |b BIBTEO  |d 2019-11-20  |i 3384047  |o 262.15 GUE 1964  |p 3384047  |r 2025-01-17  |w 2019-11-20  |y BK  |k ICR